000 01803nam0a2200409 4500
001 RU\NLR\bibl\254047
005 20250620123830.0
010 _a5-7148-0165-2
_91000
021 _aRU
_b2001-48749
_92350
035 _a(NLR Aleph) 000249832
090 _a1457571
_c1457571
100 _a20020204d2001 |||y0rusy50 ca
101 0 _arus
102 _aRU
105 _aa |||||||||
200 1 _aНекоторые методические и методологические аспекты углубленного изучения математики
_e9-11 кл.
_eУчеб. пособие
_fВ. И. Семенов
_gКемер. обл. ин-т усовершенствования учителей
205 _a2-е изд., доп.
210 _aКемерово
_cКемер. обл. ИУУ
_d2001
215 _a138 с.
_cил.
_d20
320 _aБиблиогр.: с. 137 (10 назв.)
606 0 _aМатематика
_jРуководства, пособия и т.п.
_9922118
_3RU\NLR\auth\6619329
606 0 _aМатематика
_jУчебные издания
_9922118
_3RU\NLR\auth\6619329
606 0 _aМатематика
_xМетодика преподавания
_xМатематические школы
_91516598
_3RU\NLR\auth\66658832
606 0 _aМатематика
_xПреподавание
_xМатематические школы
_92241102
_3RU\NLR\auth\661344791
675 _a372.851.046.14
_v3
_zrus
686 _a14
_2rugasnti
686 _a74.262.21
_2rubbk
686 _aВ10я7
686 _aЧ426.24-9
700 1 _aСеменов
_bВ. И.
_gВладимир Иосифович
_4070
801 0 _aRU
_bRKP
_c20020204
_gPSBO
801 1 _aRU
_bRKP
_c20020204
801 2 _aRU
_bNLR
_c20020527
_grcr
942 _cBOOK
980 _aNB
980 _aNBR